000 00645nam a2200253Ia 4500
005 20260121114131.0
008 008 260114s9999 xx 000 0 eng d
020 _a9781683670803
037 _aEBOOK
040 _aCRL
040 _beng
040 _cCRL
041 _2eng
041 _aeng
084 _qCRL
100 _aRobert A. Britton
_9971271
245 0 _aBugs as Drugs - Therapeutic Microbes for Prevention and Treatment of Disease
260 _bWiley
260 _c2018
856 _uhttps://onlinelibrary.wiley.com/doi/book/10.1128/9781555819705
942 _cEBOOK
999 _c1550526
_d1550526